Every Song by Misfits - Statistics

General Stats
  • This quiz has been taken 129 times
  • The average score is 27 of 114
Answer Stats
Album Song % Correct
American Psycho(1997) American Psycho
74%
Beware(1980) Last Caress
69%
Earth A.D./Wolfs Blood(1983) Earth A.D.
66%
Beware(1980) We are 138
66%
Beware(1980) Bullet
63%
Legacy of Brutality(1985) Where Eagles Dare
63%
Legacy of Brutality(1985) Static Age
60%
Legacy of Brutality(1985) Halloween
57%
Legacy of Brutality(1985) Hybrid Moments
57%
Walk Among Us(1982) Skulls
57%
Beware(1980) Teenagers from Mars
57%
Earth A.D./Wolfs Blood(1983) Wolfs Blood
57%
Beware(1980) Attitude
51%
American Psycho(1997) Dig Up Her Bones
51%
Famous Monsters(1999) Helena
51%
Walk Among Us(1982) Astro Zombies
49%
Earth A.D./Wolfs Blood(Bonus)(1983) Die, Die My Darling
49%
American Psycho(1997) Walk Among Us
49%
Earth A.D./Wolfs Blood(1983) Green Hell
46%
Famous Monsters(1999) Saturday Night
46%
Walk Among Us(1982) I Turned into a Martian
43%
Walk Among Us(1982) Mommy, Can I Go Out & Kill Tonight
43%
Legacy of Brutality(1985) Some Kinda Hate
43%
The Devil's Rain(2011) The Devil's Rain
43%
Walk Among Us(1982) Vampira
43%
Legacy of Brutality(1985) She
40%
Legacy of Brutality(1985) Who Killed Marilyn?
40%
Famous Monsters(1999) Scream!
37%
Legacy of Brutality(1985) TV Casualty
37%
3 Hits from Hell(1981) London Dungeon
34%
Legacy of Brutality(1985) Angelfuck
31%
Collection II(1995) Cough/Cool
31%
Earth A.D./Wolfs Blood(1983) Devilock
31%
Static Age(1996) Return of the Fly
31%
Walk Among Us(1982) Night of the Living Dead
31%
Famous Monsters(1999) The Forbidden Zone
31%
Walk Among Us(1982) 20 Eyes
29%
American Psycho(1997) Crimson Ghost
29%
Famous Monsters(1999) Dust to Dust
29%
Beware(1980) Horror Business
29%
Earth A.D./Wolfs Blood(1983) Death Comes Ripping
26%
Famous Monsters(1999) Them
26%
Legacy of Brutality(1985) Come Back
23%
Earth A.D./Wolfs Blood(1983) Demonomania
23%
American Psycho(1997) Shining
23%
Legacy of Brutality(1985) Theme for a Jackal
23%
Walk Among Us(1982) Violent World
23%
Non-Album(2015) Zombie Girl / Vampire Girl
23%
Walk Among Us(1982) Braineaters
20%
American Psycho(1997) Don't Open 'Til Doomsday
20%
Famous Monsters(1999) Fiend Club
20%
Walk Among Us(1982) Hate Breeders
20%
Beware(1980) Hollywood Babylon
20%
3 Hits from Hell(1981) Horror Hotel
20%
Famous Monsters(1999) Kong at the Gates
20%
Famous Monsters(1999) Lost in Space
20%
Famous Monsters(1999) Pumpkin Head
20%
Earth A.D./Wolfs Blood(Bonus)(1983) We Bite
20%
Earth A.D./Wolfs Blood(1983) Bloodfeast
17%
The Devil's Rain(2011) Father
17%
3 Hits from Hell(1981) Ghouls Night Out
17%
Static Age(1996) In the Doorway
17%
Walk Among Us(1982) Nike-A-Go-Go
17%
American Psycho(1997) Resurrection
17%
American Psycho(1997) Abominable Dr. Phibes
14%
Legacy of Brutality(1985) American Nightmare
14%
Walk Among Us(1982) Devils Whorehouse
14%
Earth A.D./Wolfs Blood(1983) Hellhound
14%
Famous Monsters(1999) Hunting Humans
14%
Earth A.D./Wolfs Blood(1983) Queen Wasp
14%
Famous Monsters(1999) Scarecrow Man
14%
American Psycho(1997) Speak of the Devil
14%
Walk Among Us(1982) All Hell Breaks Loose
11%
Famous Monsters(1999) Descending Angel
11%
The Devil's Rain(2011) Land of the Dead
11%
American Psycho(1997) The Haunting
11%
Famous Monsters(Bonus)(1999) 1,000,000 Years B.C
9%
American Psycho(1997) Blacklight
9%
Cuts from the Crypt(2001) Bruiser
9%
Famous Monsters(1999) Crawling Eye
9%
Famous Monsters(1999) Die Monster Die
9%
American Psycho(1997) Hate the Living, Love the Dead
9%
American Psycho(1997) Mars Attacks
9%
Legacy of Brutality(1985) Spinal Remains
9%
The Devil's Rain(2011) Vivid Red
9%
Famous Monsters(1999) Witch Hunt
9%
The Devil's Rain(2011) Curse of the Mummy's Hand
6%
American Psycho(1997) Day of the Dead
6%
The Devil's Rain(2011) Death Ray
6%
American Psycho(1997) From Hell They Came
6%
Non-Album(1998) I Wanna Be a NY Ranger
6%
The Devil's Rain(2011) Jack the Ripper
6%
Famous Monsters(1999) Kong Unleashed
6%
Collection II(1995) Mephisto Waltz
6%
The Devil's Rain(2011) Monkey's Paw
6%
American Psycho(1997) The Hunger
6%
American Psycho(1997) This Island Earth
6%
The Devil's Rain(2011) Twilight of the Dead
6%
Psycho in the Wax Museum(2006) Angel Baby
3%
The Devil's Rain(2011) Cold in Hell
3%
The Devil's Rain(2011) Dark Shadows
3%
American Psycho(Bonus)(1997) Dead Kings Rise
3%
Famous Monsters(Bonus)(1999) Devil Doll
3%
Cuts from the Crypt(2001) Dr. Phibes Rises Again
3%
The Devil's Rain(2011) Ghost of Frankenstein
3%
Famous Monsters(Bonus)(1999) Helena 2
3%
Famous Monsters(1999) Living Hell
3%
Cuts from the Crypt(2001) No More Moments
3%
The Devil's Rain(2011) Sleepwalkin'
3%
The Devil's Rain(2011) The Black Hole
3%
The Devil's Rain(2011) Unexplained
3%
The Devil's Rain(2011) Where Do They Go?
3%
Psycho in the Wax Museum(2006) Death of the Fallen Angel
0%
Static Age(1996) Outtakes
0%
No matching quizzes found
Score Distribution
Percent of People with Each Score
Percentile by Number Answered
Your Score History
You have not taken this quiz